[Event "Regionalliga NO 9697"]
[Site "Bayern"]
[Date "1997.??.??"]
[Round "?"]
[White "Roesch, Gerald"]
[Black "Hedzic, Hajrudin"]
[Result "1-0"]
[WhiteElo "2060"]
[BlackElo "2160"]
[PlyCount "65"]
[EventDate "1996.10.??"]
[EventType "team-tourn"]
[EventRounds "9"]
[EventCountry "GER"]
[SourceTitle "EXT 1999"]
[Source "ChessBase"]
[SourceDate "1998.11.16"]
[SourceVersion "1"]
[SourceVersionDate "1998.11.16"]
[SourceQuality "1"]
[WhiteTeam "Amberg SG Siemens"]
[BlackTeam "Koetzting"]
[WhiteTeamCountry "GER"]
[BlackTeamCountry "GER"]

1. d4 Nf6 2. c4 d5 3. Nc3 c6 4. Nf3 dxc4 5. e3 Bg4 6. Bxc4 e6 7. Qb3 Qc7 8. Ne5 Bf5 9. h3 Nbd7 10. Nxf7 Kxf7 11. e4 Bg6 12. Bxe6+ Ke8 13. 0-0 Qb6 14. Qc4 Qb4 15. Qd3 Qd6 16. Bc4 b5 17. Nxb5 cxb5 18. Bxb5 Be7 19. Re1 a6 20. Ba4 Qb4 21. Qd1 Kd8 22. Bd2 Qb6 23. e5 Ne8 24. Qf3 Ra7 25. Qd5 Bb4 26. Bg5+ Nef6 27. Bxd7 Rxd7 28. Qa8+ Ke7 29. exf6+ Kf7 30. Qxh8 gxf6 31. Qe8+ Kg7 32. Qxd7+ Bf7 33. Bh6+ 1-0